000 00284nam a22001337a 4500
008 181031b xxu||||| |||| 00| 0 eng d
020 _a9780073529417
041 _aeng
080 _24th
_a316
100 _a50
101 _aSOC
245 _aWomen's Live
_cKirk,G
942 _2udc
_cBK
999 _c51230
_d51230